| 000 -LEADER |
| fixed length control field |
00745nam a22001697a 4500 |
| 005 - DATE AND TIME OF LATEST TRANSACTION |
| control field |
20231023113152.0 |
| 008 - FIXED-LENGTH DATA ELEMENTS--GENERAL INFORMATION |
| fixed length control field |
231023s1983 ru ||||| |||| 00| 0 rus d |
| 041 ## - LANGUAGE CODE |
| Language code of text/sound track or separate title |
rus |
| 080 ## - UNIVERSAL DECIMAL CLASSIFICATION NUMBER |
| Universal Decimal Classification number |
9(5) Х-45 |
| 100 ## - MAIN ENTRY--PERSONAL NAME |
| Personal name |
Хилал ас-Саби |
| 9 (RLIN) |
20177 |
| 245 ## - TITLE STATEMENT |
| Title |
Установления и обычаи двора халифов / |
| Statement of responsibility, etc. |
Хилал ас-Саби. |
| Remainder of title |
Перевод с арабского И.Б. Михайловой. |
| 264 ## - PRODUCTION, PUBLICATION, DISTRIBUTION, MANUFACTURE, AND COPYRIGHT NOTICE |
| Place of production, publication, distribution, manufacture |
М. , |
| Name of producer, publisher, distributor, manufacturer |
Наука, |
| Date of production, publication, distribution, manufacture, or copyright notice |
1983. |
| 300 ## - PHYSICAL DESCRIPTION |
| Extent |
142 стр.; |
| Other physical details |
22 см. |
| 653 ## - INDEX TERM--UNCONTROLLED |
| keyword |
ხალიფების სასამართლოს წესები და წეს-ჩვეულებები |
| 700 ## - ADDED ENTRY--PERSONAL NAME |
| Personal name |
Михайлова, И.Б. |
| Relator term |
მთარგმნელი |
| 9 (RLIN) |
20178 |
| 942 ## - ADDED ENTRY ELEMENTS (KOHA) |
| Source of classification or shelving scheme |
|
| Koha item type |
წიგნი |